Introducción al estudio del derecho

Guardat en:
Dades bibliogràfiques
Autor principal: Bonnecase, Julien (Autor)
Format: Llibre
Idioma:espanyol
Publicat: Bogotá Temis 1982
Edició:2a. ed
Matèries:
Etiquetes: Afegir etiqueta
Sense etiquetes, Sigues el primer a etiquetar aquest registre!

MARC

LEADER 00000nam a2200000 a 4500
001 UCV1433
003 CL-VaPUC
008 900620e19820000CK |||||||||||||||||spa|d
082 0 4 |a 340.1  |b BON  |2 21 
100 0 |a Bonnecase, Julien  |e author  |9 295689 
245 1 0 |a Introducción al estudio del derecho 
250 |a 2a. ed 
300 |a 339 p 
942 |c BK 
945 |d 19900620 00:00:00 
260 |a Bogotá  |b Temis  |c 1982 
650 7 |a DERECHO  |2 CL-VaPUC  |9 295690 
650 7 |a FUENTES  |2 CL-VaPUC  |9 255666 
650 0 |a Filosofía del derecho   |9 255050 
583 |a last modification  |c 19900620 00:00:00  |k Rodrigo Vera 
999 |c 209388  |d 209386 
952 |0 0  |1 0  |4 0  |6 340_100000000000000_BON_1982  |7 0  |8 DER_TF  |9 184758  |a BIBDER  |b BIBDER  |d 2019-11-14  |i 2520796  |l 1  |o 340.1 BON 1982  |p 2520796  |r 2023-01-25  |s 2020-03-17  |w 2019-11-14  |x Ubicación 4to Piso  |y BK  |z Estos recursos deben solicitarse con anticipación  |k DER